1756 1735 1789 1987 1337 1591 1186 1934 1016 1054 1858 1250 1768 1740 1887 1391 1126 1540 1904 1615 1762 1882 1605 1446 1318 1134 1382 1737 1701 1351 1633 1230 1869 1674 1295 1012 1494 1005 1710 1720 1952 1203 1240 1482 1416 1528 1576 1809 1528 1216 1771 1880 1122 1363 1336 1860 1938 1620 1002 1117 1937 1467 1404 1957 1758 1755 1401 1793 1520 1356 1239 1143 1278 1353 1866 1699 1116 1315 1441 1453 1445 1728 1843 1370 1677 1220 1941 1091 1127 1499 1916 1796 1363 1553 1382 1004 1213 1673 1252 BCNSPRNW ULIB Ver.6.0+V

เปลี่ยนเป็นภาษาไทย

Change to English
 แสดงรายละเอียดบรรณานุกรม
  กลับหน้าหลัก

Brief Record : Get Marc (ISO 2709) : E-mail record : QR code < ปิดหน้าต่าง
LEADER : 00000nam 2200000uu 4500
001    13399112544
003     ULIB
008    110824s||||||||th 000 0 tha d
020    9744700122
090    นว.^bม164ก 2553
100 0  จามรี พรรณชมพู
245 00 พายุกามเทพ/^cจามรี พรรณชุมพู
250    พิมพ์ครั้งที่ 1
260    กรุงเทพฯ :^bอมรการพิมพ์,^cม.ป.ป.
300    384 หน้า
945    ^p220^l0^i019342
995     เกษร
999     ^aใช้งานได้ทุกระบบ
รายการนี้ยังไม่มีแท็ก
คุณยังไม่ได้ล็อกอิน คุณสามารถมีกิจกรรมร่วมกับเว็บไซต์ได้ แต่ต้องล็อกอินก่อน ::
  ล็อกอิน

รายการสื่อสารสนเทศ

ลำดับที่ ประเภท เลขเรียก/บาร์โค้ด สถานที่ สถานะ
- ไม่พบข้อมูล -

รายการใกล้เคียง
    ผู้แต่ง [จามรี พรรณชมพู]

BibComment


ยังไม่เคยถูกคอมเมนท์

คอมเมนท์ทรัพยากรรายการนี้
  คอมเมนท์: พายุกามเทพ จามรี ..


 Copyright 2026. Bcnsprnw @Library